| 000 | 00000nam 2200000za 4500 |
| 001 | 9.819507 |
| 003 | CaOODSP |
| 005 | 20221107142958 |
| 007 | cr ||||||||||| |
| 008 | 160615s2010 onc |o f000 0 eng d |
| 040 | |aCaOODSP|beng |
| 043 | |an-cn--- |
| 086 | 1 |aCC174-4/2010-1E-PDF |
| 245 | 00|aManagement of uranium mine waste rock and mill tailings |h[electronic resource]. |
| 260 | |a[Ottawa] : |bCanadian Nuclear Safety Commission, |c2010. |
| 300 | |a3 p. |
| 490 | 1 |aDiscussion paper / Canadian Nuclear Safety Commission |vDIS-10-01 |
| 500 | |a"March 2010". |
| 500 | |aIssued also in French under title: Gestion des stériles des mines d'uranium et des résidus des usines de concentration d'uranium. |
| 504 | |aIncludes bibliographical references. |
| 520 | 0 |aThis document describes the expectations and principles of the Canadian Nuclear Safety Commission (CNSC) when making regulatory decisions regarding long-term management and control of mine rock and tailings during the full life cycle of a uranium mine or mill facility in Canada. |
| 692 | 07|2gccst|aNuclear energy |
| 692 | 07|2gccst|aMining industry |
| 692 | 07|2gccst|aRegulation |
| 710 | 2 |aCanadian Nuclear Safety Commission. |
| 775 | 08|tGestion des stériles des mines d'uranium et des résidus des usines de concentration d'uranium |w(CaOODSP)9.819513 |
| 830 | #0|aDiscussion paper (Canadian Nuclear Safety Commission)|vDIS-10-01|w(CaOODSP)9.819497 |
| 856 | 40|qPDF|s63 KB|uhttps://publications.gc.ca/collections/collection_2016/ccsn-cnsc/CC174-4-2010-1-eng.pdf |